<?xml version="1.0" encoding="UTF-8"?>
<record
    xmlns:xsi="http://www.w3.org/2001/XMLSchema-instance"
    xsi:schemaLocation="http://www.loc.gov/MARC21/slim http://www.loc.gov/standards/marcxml/schema/MARC21slim.xsd"
    xmlns="http://www.loc.gov/MARC21/slim">

  <leader>03724nam a2200565Ia 4500</leader>
  <controlfield tag="001">376</controlfield>
  <controlfield tag="008">241029s9999    xx            000 0 und d</controlfield>
  <datafield tag="010" ind1=" " ind2=" ">
    <subfield code="a">343</subfield>
  </datafield>
  <datafield tag="041" ind1=" " ind2=" ">
    <subfield code="a">Espa&#xF1;ol</subfield>
  </datafield>
  <datafield tag="082" ind1=" " ind2=" ">
    <subfield code="a">NO APLICA</subfield>
  </datafield>
  <datafield tag="245" ind1=" " ind2="0">
    <subfield code="a">Estrategias de integraci&#xF3;n del Centro Educativo Santa Mar&#xED;a con la comunidad de Villa Faro en el a&#xF1;o escolar 2012-2013.</subfield>
  </datafield>
  <datafield tag="260" ind1=" " ind2=" ">
    <subfield code="a">Santo Domingo</subfield>
  </datafield>
  <datafield tag="300" ind1=" " ind2=" ">
    <subfield code="a">127</subfield>
  </datafield>
  <datafield tag="520" ind1=" " ind2=" ">
    <subfield code="a">30</subfield>
  </datafield>
  <datafield tag="630" ind1=" " ind2=" ">
    <subfield code="a">Docentes</subfield>
  </datafield>
  <datafield tag="630" ind1=" " ind2=" ">
    <subfield code="a">Estudiantes</subfield>
  </datafield>
  <datafield tag="630" ind1=" " ind2=" ">
    <subfield code="a">Gesti&#xF3;n</subfield>
  </datafield>
  <datafield tag="630" ind1=" " ind2=" ">
    <subfield code="a">Participaci&#xF3;n Comunitaria</subfield>
  </datafield>
  <datafield tag="650" ind1=" " ind2=" ">
    <subfield code="a">Participaci&#xF3;n Comunitaria</subfield>
  </datafield>
  <datafield tag="690" ind1=" " ind2=" ">
    <subfield code="a">Elaborado</subfield>
  </datafield>
  <datafield tag="700" ind1=" " ind2=" ">
    <subfield code="e">asesor</subfield>
    <subfield code="a">Adames, Adalberto</subfield>
  </datafield>
  <datafield tag="700" ind1=" " ind2=" ">
    <subfield code="e">autor</subfield>
    <subfield code="a">Felix P&#xE9;rez , Ana Mar&#xED;a </subfield>
  </datafield>
  <datafield tag="700" ind1=" " ind2=" ">
    <subfield code="e">autor</subfield>
    <subfield code="a">Cerda Vargas, Jes&#xFA;s A.</subfield>
  </datafield>
  <datafield tag="901" ind1=" " ind2=" ">
    <subfield code="a">{"1":"Felix P&#xE9;rez ","2":"Cerda Vargas"}</subfield>
    <subfield code="b">{"1":"Ana Mar&#xED;a ","2":"Jes&#xFA;s A."}</subfield>
  </datafield>
  <datafield tag="902" ind1=" " ind2=" ">
    <subfield code="a">1</subfield>
  </datafield>
  <datafield tag="903" ind1=" " ind2=" ">
    <subfield code="a">{"1":"Adames"}</subfield>
    <subfield code="b">{"1":"Adalberto"}</subfield>
  </datafield>
  <datafield tag="904" ind1=" " ind2=" ">
    <subfield code="a">M&#xE1;ster en</subfield>
  </datafield>
  <datafield tag="905" ind1=" " ind2=" ">
    <subfield code="a">Ciencias de la Educaci&#xF3;n</subfield>
  </datafield>
  <datafield tag="906" ind1=" " ind2=" ">
    <subfield code="a">1</subfield>
  </datafield>
  <datafield tag="907" ind1=" " ind2=" ">
    <subfield code="a">Menci&#xF3;n en</subfield>
  </datafield>
  <datafield tag="908" ind1=" " ind2=" ">
    <subfield code="a">Gesti&#xF3;n de Centros Educativos</subfield>
  </datafield>
  <datafield tag="909" ind1=" " ind2=" ">
    <subfield code="a">Universidad Abierta para Adultos (UAPA), Recinto Santo Domingo Oriental</subfield>
  </datafield>
  <datafield tag="910" ind1=" " ind2=" ">
    <subfield code="a">NULL</subfield>
    <subfield code="b">NULL</subfield>
  </datafield>
  <datafield tag="911" ind1=" " ind2=" ">
    <subfield code="a">["1"]</subfield>
  </datafield>
  <datafield tag="912" ind1=" " ind2=" ">
    <subfield code="a">NO APLICA</subfield>
  </datafield>
  <datafield tag="913" ind1=" " ind2=" ">
    <subfield code="a">NULL</subfield>
  </datafield>
  <datafield tag="914" ind1=" " ind2=" ">
    <subfield code="a">06 de Agosto de 2012</subfield>
  </datafield>
  <datafield tag="915" ind1=" " ind2=" ">
    <subfield code="a">24/12/19 12:12</subfield>
  </datafield>
  <datafield tag="916" ind1=" " ind2=" ">
    <subfield code="a">NULL</subfield>
  </datafield>
  <datafield tag="917" ind1=" " ind2=" ">
    <subfield code="a">NULL</subfield>
  </datafield>
  <datafield tag="918" ind1=" " ind2=" ">
    <subfield code="a">NO APLICA</subfield>
  </datafield>
  <datafield tag="919" ind1=" " ind2=" ">
    <subfield code="a">["70","96","111","152"]</subfield>
  </datafield>
  <datafield tag="520" ind1=" " ind2=" ">
    <subfield code="a">&#xA0;Los &#xA0;principales prop&#xF3;sitos del estudio consistieron en verificar el nivel &#xA0;de aceptaci&#xF3;n que tiene el centro educativo Santa Mar&#xED;a en la comunidad de Villa Faro, Determinar en qu&#xE9; medida se toman en cuenta las necesidades e intereses de la comunidad para insertarla en el proyecto de centro, y como objetivo general determinar las estrategias de integraci&#xF3;n del centro educativo Santa Mar&#xED;a con la comunidad de Villa Faro en el a&#xF1;o escolar 2012-2013&#xA0;La investigaci&#xF3;n fue un estudio de campo, los m&#xE9;todos utilizados en este estudio fueron el deductivo y el anal&#xED;tico; la poblaci&#xF3;n de estudio utilizada fue los alumnos representantes desde 7mo de b&#xE1;sica hasta 4to de media del Centro Educativo Santa Mar&#xED;a en la comunidad de Villa Faro, con un total 198 alumnos, los docentes del centro que representan la cantidad total de 12 maestros, los padres de los alumnos desde 7mo b&#xE1;sica hasta 4to de media con un total de198 familias, un miembro del equipo de gesti&#xF3;n del centro educativo Santa Mar&#xED;a un representante de la iglesia y un representante de la junta de vecinos, para muestra se tomo el total de la poblaci&#xF3;n. Los instrumentos que se utilizaron en esta investigaci&#xF3;n fueron la observaci&#xF3;n, la entrevista, la encuesta y el cuestionario.Entre los principales resultados del estudio se destaca que &#xA0;el Centro Educativo Santa Mar&#xED;a tiene muy buena aceptaci&#xF3;n por la labor que realiza el Centro con los estudiantes y por el bienestar de la comunidad, en relaci&#xF3;n con los Actores de la dimensi&#xF3;n comunitaria que se toman en cuenta para insertar las necesidades al Proyecto Educativo de Centro se encuentra como principal la comunidad. Entre las estrategias de integraci&#xF3;n del centro educativo Santa Mar&#xED;a con la comunidad de Villa Faro est&#xE1;n el dialogo con las familias, la integraci&#xF3;n de la APMAE, la socializaci&#xF3;n e intercambio de experiencias y la disposici&#xF3;n de la las instalaciones del Centro a la comunidad para las reuniones de la junta de vecinos y de otras asociaciones culturales y deportivas.&#xA0;Este estudio recomienda organizar actividades sociales, culturales y deportivas donde tenga participaci&#xF3;n toda la comunidad educativa.</subfield>
  </datafield>
  <datafield tag="921" ind1=" " ind2=" ">
    <subfield code="a">16</subfield>
  </datafield>
  <datafield tag="922" ind1=" " ind2=" ">
    <subfield code="a">16</subfield>
  </datafield>
  <datafield tag="923" ind1=" " ind2=" ">
    <subfield code="a">0</subfield>
  </datafield>
  <datafield tag="924" ind1=" " ind2=" ">
    <subfield code="a">NO APLICA</subfield>
  </datafield>
  <datafield tag="942" ind1=" " ind2=" ">
    <subfield code="c">Tesis</subfield>
  </datafield>
  <datafield tag="999" ind1=" " ind2=" ">
    <subfield code="c">343</subfield>
    <subfield code="d">343</subfield>
  </datafield>
</record>
